<?xml version="1.0" encoding="UTF-8"?>
<record
    xmlns:xsi="http://www.w3.org/2001/XMLSchema-instance"
    xsi:schemaLocation="http://www.loc.gov/MARC21/slim http://www.loc.gov/standards/marcxml/schema/MARC21slim.xsd"
    xmlns="http://www.loc.gov/MARC21/slim">

  <leader>01374nam0a2200385   4500</leader>
  <controlfield tag="001">RU\NLR\bibl\338414</controlfield>
  <controlfield tag="005">20260406132511.0</controlfield>
  <datafield tag="010" ind1=" " ind2=" ">
    <subfield code="a">5-324-00149-X</subfield>
    <subfield code="9">7000</subfield>
  </datafield>
  <datafield tag="021" ind1=" " ind2=" ">
    <subfield code="a">RU</subfield>
    <subfield code="b">2002-40260</subfield>
    <subfield code="9">1956</subfield>
  </datafield>
  <datafield tag="035" ind1=" " ind2=" ">
    <subfield code="a">(NLR Aleph) 000333303</subfield>
  </datafield>
  <datafield tag="090" ind1=" " ind2=" ">
    <subfield code="a">170535</subfield>
    <subfield code="c">170535</subfield>
  </datafield>
  <datafield tag="100" ind1=" " ind2=" ">
    <subfield code="a">20021104d2002    |||y0rusy50      ca</subfield>
  </datafield>
  <datafield tag="101" ind1="1" ind2=" ">
    <subfield code="a">rus</subfield>
    <subfield code="c">eng</subfield>
  </datafield>
  <datafield tag="102" ind1=" " ind2=" ">
    <subfield code="a">RU</subfield>
  </datafield>
  <datafield tag="105" ind1=" " ind2=" ">
    <subfield code="a">a   |||||||||</subfield>
  </datafield>
  <datafield tag="200" ind1="1" ind2=" ">
    <subfield code="a">&#x41D;&#x43E;&#x441;&#x442;&#x440;&#x430;&#x434;&#x430;&#x43C;&#x443;&#x441; &#x438; III &#x43C;&#x438;&#x440;&#x43E;&#x432;&#x430;&#x44F; &#x432;&#x43E;&#x439;&#x43D;&#x430;</subfield>
    <subfield code="f">&#x414;&#x44D;&#x432;&#x438;&#x434; &#x421;. &#x41C;&#x43E;&#x43D;&#x442;&#x435;&#x43D;&#x44C;</subfield>
    <subfield code="g">[&#x43F;&#x435;&#x440;. &#x441; &#x430;&#x43D;&#x433;&#x43B;. &#x413;. &#x410;. &#x41A;&#x440;&#x44B;&#x43B;&#x43E;&#x432;&#x430;]</subfield>
  </datafield>
  <datafield tag="210" ind1=" " ind2=" ">
    <subfield code="a">&#x421;&#x41F;&#x431;.</subfield>
    <subfield code="c">&#x410;. &#x412;. &#x41A;.</subfield>
    <subfield code="c">&#x410;. &#x412;. &#x41A;.-&#x422;&#x438;&#x43C;&#x43E;&#x448;&#x43A;&#x430;</subfield>
    <subfield code="d">2002</subfield>
  </datafield>
  <datafield tag="215" ind1=" " ind2=" ">
    <subfield code="a">155, [2] &#x441;.</subfield>
    <subfield code="c">&#x438;&#x43B;.</subfield>
    <subfield code="d">21</subfield>
  </datafield>
  <datafield tag="600" ind1=" " ind2="1">
    <subfield code="a">&#x41D;&#x43E;&#x441;&#x442;&#x440;&#x430;&#x434;&#x430;&#x43C;&#x443;&#x441;</subfield>
    <subfield code="b">&#x41C;.</subfield>
    <subfield code="f">1505 - 1566</subfield>
    <subfield code="g">&#x41C;&#x438;&#x448;&#x435;&#x43B;&#x44C;</subfield>
    <subfield code="9">1561978</subfield>
    <subfield code="3">RU\NLR\auth\66683301</subfield>
  </datafield>
  <datafield tag="606" ind1="0" ind2=" ">
    <subfield code="a">&#x41F;&#x440;&#x43E;&#x440;&#x43E;&#x43A;&#x438; &#x438; &#x43F;&#x440;&#x43E;&#x440;&#x43E;&#x447;&#x435;&#x441;&#x442;&#x432;&#x430;</subfield>
    <subfield code="9">2048431</subfield>
    <subfield code="3">RU\NLR\auth\66944830</subfield>
  </datafield>
  <datafield tag="610" ind1="0" ind2=" ">
    <subfield code="a">&#x41F;&#x440;&#x43E;&#x440;&#x43E;&#x447;&#x435;&#x441;&#x442;&#x432;&#x430;</subfield>
  </datafield>
  <datafield tag="675" ind1=" " ind2=" ">
    <subfield code="a">001.94</subfield>
    <subfield code="v">3</subfield>
    <subfield code="z">rus</subfield>
  </datafield>
  <datafield tag="686" ind1=" " ind2=" ">
    <subfield code="a">12</subfield>
    <subfield code="2">rugasnti</subfield>
  </datafield>
  <datafield tag="686" ind1=" " ind2=" ">
    <subfield code="a">20.1</subfield>
    <subfield code="2">rubbk</subfield>
  </datafield>
  <datafield tag="686" ind1=" " ind2=" ">
    <subfield code="a">&#x42D;391.224</subfield>
  </datafield>
  <datafield tag="700" ind1=" " ind2="1">
    <subfield code="a">&#x41C;&#x43E;&#x43D;&#x442;&#x435;&#x43D;&#x44C;</subfield>
    <subfield code="b">&#x414;. &#x421;.</subfield>
    <subfield code="g">&#x414;&#x44D;&#x432;&#x438;&#x434; &#x421;.</subfield>
    <subfield code="4">070</subfield>
  </datafield>
  <datafield tag="702" ind1=" " ind2="1">
    <subfield code="4">280</subfield>
    <subfield code="7">ca</subfield>
    <subfield code="8">rus</subfield>
    <subfield code="a">&#x41D;&#x43E;&#x441;&#x442;&#x440;&#x430;&#x434;&#x430;&#x43C;&#x443;&#x441;</subfield>
    <subfield code="b">&#x41C;.</subfield>
    <subfield code="f">1503-1566</subfield>
    <subfield code="g">&#x41C;&#x438;&#x448;&#x435;&#x43B;&#x44C;</subfield>
    <subfield code="3">RU\NLR\AUTH\771907</subfield>
    <subfield code="9">111924</subfield>
  </datafield>
  <datafield tag="801" ind1=" " ind2="0">
    <subfield code="a">RU</subfield>
    <subfield code="b">RKP</subfield>
    <subfield code="c">20021104</subfield>
    <subfield code="g">PSBO</subfield>
  </datafield>
  <datafield tag="801" ind1=" " ind2="1">
    <subfield code="a">RU</subfield>
    <subfield code="b">RKP</subfield>
    <subfield code="c">20021104</subfield>
  </datafield>
  <datafield tag="801" ind1=" " ind2="2">
    <subfield code="a">RU</subfield>
    <subfield code="b">NLR</subfield>
    <subfield code="c">20030213</subfield>
    <subfield code="g">rcr</subfield>
  </datafield>
  <datafield tag="942" ind1=" " ind2=" ">
    <subfield code="c">BOOK</subfield>
  </datafield>
  <datafield tag="980" ind1=" " ind2=" ">
    <subfield code="a">NB</subfield>
  </datafield>
  <datafield tag="995" ind1=" " ind2=" ">
    <subfield code="5">2002-11-22</subfield>
    <subfield code="a">ad</subfield>
    <subfield code="b">NLR01</subfield>
    <subfield code="c">NLR01</subfield>
    <subfield code="e">RF8</subfield>
    <subfield code="f">374703</subfield>
    <subfield code="k">2002-3/28362</subfield>
    <subfield code="o">0</subfield>
    <subfield code="r">BOOK</subfield>
    <subfield code="s">2002328362_</subfield>
  </datafield>
  <datafield tag="995" ind1=" " ind2=" ">
    <subfield code="5">2002-11-22</subfield>
    <subfield code="a">ad</subfield>
    <subfield code="b">NLR01</subfield>
    <subfield code="c">NLR01</subfield>
    <subfield code="e">RF8</subfield>
    <subfield code="f">374705</subfield>
    <subfield code="k">2002-3/28362</subfield>
    <subfield code="o">0</subfield>
    <subfield code="r">BOOK</subfield>
    <subfield code="s">2002328362_</subfield>
  </datafield>
</record>
